Foursomes from Sets Quiz Stats

Quiz Updated Aug 22, 2012

Challenge
Share
Tweet
Score 0/80 Timer 14:00
1 Play Today
% Correct
Nickname/Big 10
68.8%
Nickname/Big 10
68.8%
Nickname/Big 10
68.8%
Nickname/Big 10
68.8%
Pokémon Gen 1
54.1%
Pokémon Gen 1
54.1%
Pokémon Gen 1
54.1%
Pokémon Gen 1
54.1%
Rome/Emperor
37.8%
Rome/Emperor
37.8%
Rome/Emperor
37.8%
Rome/Emperor
37.8%
NHL/Defunct
34.7%
NHL/Defunct
34.7%
NHL/Defunct
34.7%
NHL/Defunct
34.7%
States/Mexico
32.6%
States/Mexico
32.6%
States/Mexico
32.6%
States/Mexico
32.6%
Books OT
30.1%
Books OT
30.1%
Books OT
30.1%
Books OT
30.1%
Triple Crown Horse
30%
Triple Crown Horse
30%
Triple Crown Horse
30%
Triple Crown Horse
30%
Bones/Human
28%
Bones/Human
28%
Bones/Human
28%
Bones/Human
28%
Model/Toyota
27.8%
Model/Toyota
27.8%
Model/Toyota
27.8%
Model/Toyota
27.8%
PM Canada
22.2%
PM Canada
22.2%
PM Canada
22.2%
PM Canada
22.2%
% Correct
Flavor/quark
21.6%
Flavor/quark
21.6%
Flavor/quark
21.6%
Flavor/quark
21.6%
Actor/Doctor Who
19.4%
Actor/Doctor Who
19.4%
Actor/Doctor Who
19.4%
Actor/Doctor Who
19.4%
Songs/Beatles
17.9%
Songs/Beatles
17.9%
Songs/Beatles
17.9%
Songs/Beatles
17.9%
Nine Muses
16.7%
Nine Muses
16.7%
Nine Muses
16.7%
Nine Muses
16.7%
Euro/Replace
13.9%
Euro/Replace
13.9%
Euro/Replace
13.9%
Euro/Replace
13.9%
Colleges/Oxford
13.6%
Colleges/Oxford
13.6%
Colleges/Oxford
13.6%
Colleges/Oxford
13.6%
Tall Alps
12.8%
Tall Alps
12.8%
Tall Alps
12.8%
Tall Alps
12.8%
Moons/Jupiter
12.5%
Moons/Jupiter
12.5%
Moons/Jupiter
12.5%
Moons/Jupiter
12.5%
Oscar films
8.1%
Oscar films
8.1%
Oscar films
8.1%
Oscar films
8.1%
Names/Pope
6%
Names/Pope
6%
Names/Pope
6%
Names/Pope
6%

You're not logged in!

Compare scores with friends on all Sporcle quizzes.
Join for Free
OR
Log In

You Might Also Like...

Show Comments

Extras

Top Quizzes Today


Score Distribution

Your Account Isn't Verified!

In order to create a playlist on Sporcle, you need to verify the email address you used during registration. Go to your Sporcle Settings to finish the process.

Report this User

Report this user for behavior that violates our Community Guidelines.

Details: